Business process improvement, the breakthrough strategy for total quality, productivity, and competitiveness (Record no. 574238)
[ view plain ]
| 000 -LEADER | |
|---|---|
| fixed length control field | 00652nam a22001817a 4500 |
| 003 - CONTROL NUMBER IDENTIFIER | |
| control field | CEME |
| 005 - DATE AND TIME OF LATEST TRANSACTION | |
| control field | 20210628203546.0 |
| 008 - FIXED-LENGTH DATA ELEMENTS--GENERAL INFORMATION | |
| fixed length control field | 210119b xxu||||| |||| 00| 0 eng d |
| 020 ## - INTERNATIONAL STANDARD BOOK NUMBER | |
| International Standard Book Number | 0070267685 |
| 040 ## - CATALOGING SOURCE | |
| Transcribing agency | . |
| 082 ## - DEWEY DECIMAL CLASSIFICATION NUMBER | |
| Classification number | 658.562 HAR |
| 100 ## - MAIN ENTRY--PERSONAL NAME | |
| Personal name | Harrington, H. James |
| 9 (RLIN) | 63144 |
| 245 ## - TITLE STATEMENT | |
| Title | Business process improvement, the breakthrough strategy for total quality, productivity, and competitiveness |
| 260 ## - PUBLICATION, DISTRIBUTION, ETC. | |
| Place of publication, distribution, etc. | NEW DELHI |
| Name of publisher, distributor, etc. | TATA MCGRAW HILL |
| Date of publication, distribution, etc. | 2005 |
| 300 ## - PHYSICAL DESCRIPTION | |
| Extent | XII,274P |
| 650 ## - SUBJECT ADDED ENTRY--TOPICAL TERM | |
| Topical term or geographic name entry element | QUALITY CONTROL.PRODUCTION MANAGEMENT-QUALITY CONTROL.BUSINESS PROCESS IMPROVEMENT.TOTAL QUALITY, PRODUCTIVITY, AND COMPETITIVENESS |
| 9 (RLIN) | 63145 |
| 942 ## - ADDED ENTRY ELEMENTS (KOHA) | |
| Koha item type | Book |
| Source of classification or shelving scheme | |
| Withdrawn status | Lost status | Source of classification or shelving scheme | Damaged status | Not for loan | Permanent Location | Current Location | Shelving location | Date acquired | Full call number | Barcode | Date last seen | Price effective from | Koha item type | Public note |
|---|---|---|---|---|---|---|---|---|---|---|---|---|---|---|
| College of Electrical & Mechanical Engineering (CEME) | College of Electrical & Mechanical Engineering (CEME) | General Stacks | 07/28/2017 | 658.562 HAR | CEME-45103 | 06/28/2021 | 06/28/2021 | Book | 1.6 |
